Mutual insurance companies on the background of social insurance

Salvato in:
Dettagli Bibliografici
Autore principale: Rutkowska, Małgorzata
Altri autori: Kozyra, Przemysław
Natura: Capitolo di libro
Lingua:inglese
Tags: Aggiungi Tag
Nessun Tag, puoi essere il primo ad aggiungerne!!

MARC

LEADER 00000naa$a2200000$$$4500
001 0151143
005 20220810093211.2
041 0 |a eng 
044 |a CZ 
245 1 0 |a Mutual insurance companies on the background of social insurance  |c Małgorzata Rutkowska, Przemysław Kozyra 
100 1 |a Rutkowska, Małgorzata 
700 1 |a Kozyra, Przemysław